000 00800nam a2200217Ii 4500
003 JO-AjNU
008 230605s9999||||xx |||||||||||||| ||und||
040 _aJO-AjNU
_bara
_erda
_cJO-AjNU
041 _aara
050 1 4 _aHF1416 .T8736 2001
100 3 _aاعداد الترجمان، غياث,
_eauthor
_956641
245 0 0 _aالتسويق الدولي = International Marketing
250 _aط1
264 3 1 _aدمشق: دار الرضا للنشر والتوزيع، 2001
300 _a451ص
_bيحتوي على ببلوغرافية
336 _atext
_btxt
_2rdacontent
337 _aunmediated
_bn
_2rdamedia
338 _avolume
_bnc
_2rdacarrier
490 0 _aسلسلة الرضا للمعلومات ؛ 116
650 4 _aالتسويق الدولي - التبادل التجاري
_956642
999 _aA25335
_c28903
_d28903